A TEXTBOOK OF COMPUTER APPLICATION IN PHARMACY (Record no. 5815)

MARC details
000 -LEADER
fixed length control field 00451nam a22001577a 4500
005 - DATE AND TIME OF LATEST TRANSACTION
control field 20240108114937.0
008 - FIXED-LENGTH DATA ELEMENTS--GENERAL INFORMATION
fixed length control field 190405b xxu||||| |||| 00| 0 eng d
020 ## - INTERNATIONAL STANDARD BOOK NUMBER
ISBN 978-93-87397-83-5
041 ## - LANGUAGE CODE
Language code of text/sound track or separate title eng
100 ## - MAIN ENTRY--AUTHOR NAME
Personal name BHAGAT, BISWAS .,NARKHEDE,DR. SACHIN.,KARDILE,DIPAK AND SHANKAR,DR.S.J
245 ## - TITLE STATEMENT
Title A TEXTBOOK OF COMPUTER APPLICATION IN PHARMACY
260 ## - PUBLICATION, DISTRIBUTION, ETC. (IMPRINT)
Place of publication PUNE
Name of publisher NIRALI PRAKASHAN
300 ## - PHYSICAL DESCRIPTION
Number of Pages 7.12p,
650 ## - SUBJECT ADDED ENTRY--TOPICAL TERM
Topical Term PHARMACY
942 ## - ADDED ENTRY ELEMENTS (KOHA)
Koha item type Books
Holdings
Lost status Damaged status Collection code Home library Current library Shelving location Date acquired Source of acquisition Cost, normal purchase price Accession Number Koha item type
    Reference JRU Library JRU Library SHELF-5-D 05/04/2019 PURCHESS 130.00 22626 Books
    PHARMACY JRU Library JRU Library Shelf - 25- H 05/04/2019 PURCHESS 130.00 22627 Books
    PHARMACY JRU Library JRU Library Shelf - 25- H 05/04/2019 PURCHESS 130.00 22628 Books
    PHARMACY JRU Library JRU Library Shelf - 25- H 05/04/2019 PURCHESS 130.00 22629 Books
    PHARMACY JRU Library JRU Library Shelf - 25- H 05/04/2019 PURCHESS 130.00 22630 Books